| 000 | 00924cam a2200241 a 4500 | ||
|---|---|---|---|
| 001 | 000018589 | ||
| 005 | 20260515094837.0 | ||
| 008 | 750508s1962 sp a 000 j spa d | ||
| 040 |
_aDO-SdBNP _bspa _cDLC _dBNPHU |
||
| 082 |
_aPR863.3 _bC697n |
||
| 100 | 1 |
_aColl y Toste, Cayetano, _d1850-1930. _95522 |
|
| 245 | 1 | 0 |
_aNarraciones históricas / _cCayetano Coll y Toste; selección y prólogo Isabel Cuchí Coll. |
| 260 |
_aBarcelona, España : _bEdiciones Rumbos, _c1962. |
||
| 300 |
_a212 p. : _bil. ; _c22 cm. |
||
| 500 | _aVeinte narraciones históricas desprendidas del boletín histórico de Puerto Rico. | ||
| 650 | 4 |
_aCuentos puertorriqueños _9249 |
|
| 650 | 4 |
_aLiteratura puertorriqueña _9250 |
|
| 651 | 4 |
_aPuerto Rico _xHistoria _xLiteratura Juvenil _940192 |
|
| 650 | 0 |
_aNarración de cuentos _98125 |
|
| 700 | 1 |
_aCuchí Coll, Isabel _epról. _914775 |
|
| 910 | _aCatalogación por derivada / LC | ||
| 049 | _aBNGR | ||
| 999 |
_c18109 _d18109 |
||